[Event "CAN op"]
[Site "Hamilton CAN"]
[Date "2022.07.12"]
[Round "2.63"]
[White "Lin, Yu-Liang"]
[Black "Wu, Jonathan"]
[Result "0-1"]
[WhiteElo "1425"]
[BlackElo "1891"]
[PlyCount "78"]
[EventDate "2022.07.12"]
[EventType "swiss"]
[EventRounds "9"]
[EventCountry "CAN"]

1. c4 Nf6 2. d4 g6 3. Nc3 d5 4. cxd5 Nxd5 5. e4 Nxc3 6. bxc3 Bg7 7. Bc4 c5 8.
Ne2 Nc6 9. Be3 Qa5 10. O-O cxd4 11. cxd4 O-O 12. Qb3 Qb4 13. Rab1 Qxb3 14. Bxb3
Na5 15. Rfc1 Nxb3 16. Rxb3 b6 17. Rc7 Ba6 18. Nc3 e6 19. Ra3 Bd3 20. f3 a6 21.
Na4 Bb5 22. Nxb6 Rad8 23. d5 exd5 24. Nxd5 Rfe8 25. Kf2 f5 26. Bg5 Rxd5 27.
Rxg7+ Kxg7 28. exd5 Re2+ 29. Kg3 h6 30. Bc1 Rc2 31. Be3 Bf1 32. Kf4 Rxg2 33. d6
Bb5 34. Rc3 Kf6 35. Bd4+ Ke6 36. Bc5 g5+ 37. Ke3 f4+ 38. Kd4 Rd2+ 39. Ke4 Bc6#
0-1

[Event "CAN op"]
[Site "Hamilton CAN"]
[Date "2022.07.12"]
[Round "2.64"]
[White "Liu, Zachary"]
[Black "Hossain, Azher"]
[Result "1-0"]
[WhiteElo "1891"]
[BlackElo "1424"]
[PlyCount "133"]
[EventDate "2022.07.12"]
[EventType "swiss"]
[EventRounds "9"]
[EventCountry "CAN"]

1. e4 c6 2. d4 d5 3. exd5 cxd5 4. Bd3 Nf6 5. h3 Nc6 6. c3 g6 7. Qc2 e5 8. dxe5
Nxe5 9. Bb5+ Bd7 10. Bxd7+ Qxd7 11. Ne2 Bg7 12. O-O O-O 13. Be3 Rfe8 14. Bd4 b5
15. Ng3 Nc6 16. Ne2 Qe7 17. Be3 Ne4 18. Re1 Rad8 19. Nd2 Nxd2 20. Qxd2 b4 21.
Nd4 Nxd4 22. Bxd4 bxc3 23. Qxc3 Bxd4 24. Rxe7 Bxc3 25. Rxe8+ Rxe8 26. bxc3 Rc8
27. Rd1 Rxc3 28. Rxd5 Ra3 29. Rd2 Kg7 30. Kf1 Kf6 31. Ke1 Ke6 32. Kd1 Ra6 33.
Kc1 Rb6 34. Rd4 a6 35. Kc2 f6 36. g3 h6 37. Rd8 Rd6 38. Rc8 h5 39. h4 Kd5 40.
Kd3 Ke5+ 41. Ke3 Rb6 42. Rc2 Rd6 43. f3 Ke6 44. Ke4 f5+ 45. Kf4 Kf6 46. Ke3 g5
47. hxg5+ Kxg5 48. Rc8 Re6+ 49. Kd4 Re2 50. f4+ Kg4 51. Rg8+ Kf3 52. Rg5 Rxa2
53. Rxh5 Kxg3 54. Rxf5 Kg4 55. Rf8 Ra4+ 56. Ke5 Ra5+ 57. Ke6 Ra1 58. f5 Re1+
59. Kf6 Kf4 60. Rc8 a5 61. Rc4+ Re4 62. Rc5 a4 63. Ra5 Rd4 64. Kg6 Ke3 65. f6
Kd3 66. f7 Rf4 67. Rf5 1-0

[Event "CAN op"]
[Site "Hamilton CAN"]
[Date "2022.07.12"]
[Round "2.65"]
[White "Gillis, Doug"]
[Black "Yang, Henry"]
[Result "0-1"]
[WhiteElo "1417"]
[BlackElo "1863"]
[PlyCount "62"]
[EventDate "2022.07.12"]
[EventType "swiss"]
[EventRounds "9"]
[EventCountry "CAN"]

1. b3 d5 2. Bb2 Nf6 3. e3 Bf5 4. Nf3 e6 5. Bb5+ c6 6. Be2 h6 7. O-O Be7 8. d4
O-O 9. c4 Nbd7 10. Nc3 Rc8 11. Rc1 a6 12. Bd3 Bxd3 13. Qxd3 b5 14. cxb5 cxb5
15. Ne2 Qa5 16. Qb1 Ne4 17. Rxc8 Rxc8 18. Rc1 Rxc1+ 19. Nxc1 g5 20. Qd3 g4 21.
Ne5 Nxe5 22. dxe5 Bh4 23. g3 Be7 24. Qd1 h5 25. a4 Ng5 26. Nd3 Nf3+ 27. Kg2
bxa4 28. bxa4 Qb6 29. Qc1 d4 30. Bxd4 Qb7 31. e4 Nxd4 0-1

[Event "CAN op"]
[Site "Hamilton CAN"]
[Date "2022.07.12"]
[Round "2.66"]
[White "Suresh, Pavan"]
[Black "Leong, Ryan"]
[Result "0-1"]
[WhiteElo "1413"]
[BlackElo "1853"]
[PlyCount "56"]
[EventDate "2022.07.12"]
[EventType "swiss"]
[EventRounds "9"]
[EventCountry "CAN"]

1. e4 c5 2. Nf3 d6 3. d4 cxd4 4. Qxd4 a6 5. Nc3 Nc6 6. Qd1 Nf6 7. Bd3 e6 8. O-O
Be7 9. Re1 O-O 10. Bg5 h6 11. Bh4 b5 12. a3 Bb7 13. Bg3 Nd7 14. Bf1 Qc7 15. Qd2
Nde5 16. Nxe5 dxe5 17. Rad1 Rfd8 18. Qc1 Bg5 19. Qb1 Nd4 20. Rd3 Rd7 21. Red1
Rad8 22. h4 Bf6 23. f3 Qc5 24. Bf2 Bxh4 25. g3 Bxg3 26. Bxg3 Ne2+ 27. Kg2 Qg1+
28. Kh3 Qxg3# 0-1

[Event "CAN op"]
[Site "Hamilton CAN"]
[Date "2022.07.12"]
[Round "2.67"]
[White "Jiang, William"]
[Black "Wang, Rachel"]
[Result "0-1"]
[WhiteElo "1380"]
[BlackElo "1850"]
[PlyCount "92"]
[EventDate "2022.07.12"]
[EventType "swiss"]
[EventRounds "9"]
[EventCountry "CAN"]

1. e4 c5 2. Nc3 Nc6 3. g3 e6 4. Bg2 g6 5. d3 Bg7 6. Be3 Nge7 7. Bxc5 Qa5 8. Be3
Bxc3+ 9. bxc3 Qxc3+ 10. Bd2 Qg7 11. Qc1 h5 12. Nf3 d5 13. exd5 exd5 14. O-O Bf5
15. Rb1 O-O-O 16. Qa3 Rd7 17. Qc5 f6 18. Nd4 b6 19. Qc3 Kb7 20. Nxf5 Nxf5 21.
Rfe1 Ncd4 22. Qa5 Qf7 23. c4 Nc6 24. Bxd5 Nfd4 25. Be3 Kc7 26. Qc3 Rxd5 27.
cxd5 Nf3+ 28. Kh1 Qxd5 29. Bf4+ Kb7 30. Re4 g5 31. Be3 h4 32. g4 Qd6 33. Bf4
gxf4 34. Rc1 Nfe5 35. Rxf4 Qd5+ 36. Kg1 Nf3+ 37. Kf1 Nxh2+ 38. Kg1 Nf3+ 39. Kf1
Nfd4 40. f3 h3 41. Rxf6 h2 42. Kg2 Qxa2+ 43. Kh1 Qd5 44. Qb2 Nxf3 45. Rf5 Nfe5+
46. Rf3 Qxf3+ 0-1

[Event "CAN op"]
[Site "Hamilton CAN"]
[Date "2022.07.12"]
[Round "2.68"]
[White "Latreille, Etienne"]
[Black "Zhang, James"]
[Result "1-0"]
[WhiteElo "1888"]
[BlackElo "1362"]
[PlyCount "67"]
[EventDate "2022.07.12"]
[EventType "swiss"]
[EventRounds "9"]
[EventCountry "CAN"]

1. e4 c5 2. Nf3 d6 3. Bb5+ Bd7 4. Bxd7+ Nxd7 5. O-O Ngf6 6. Qe2 Qc7 7. b3 g6 8.
Bb2 Bg7 9. c4 O-O 10. d4 cxd4 11. Nxd4 Nc5 12. Nc3 e6 13. Rad1 a6 14. Kh1 Rad8
15. f4 Rfe8 16. Nf3 Qc6 17. e5 Nh5 18. Qe3 b6 19. g4 Nxf4 20. Qxf4 dxe5 21. Qe3
e4 22. Nd4 Bxd4 23. Rxd4 Rxd4 24. Qxd4 Nd3 25. Ba1 e3+ 26. Kg1 Nf2 27. Nd5 e5
28. Qxe3 Nxg4 29. Qxb6 Qxb6+ 30. Nxb6 e4 31. c5 Re7 32. c6 Rc7 33. Nd5 Rxc6 34.
Ne7+ 1-0

[Event "CAN op"]
[Site "Hamilton CAN"]
[Date "2022.07.12"]
[Round "2.69"]
[White "Katrib, Jordan"]
[Black "Buscar, Bernard"]
[Result "1/2-1/2"]
[WhiteElo "1344"]
[BlackElo "1789"]
[PlyCount "94"]
[EventDate "2022.07.12"]
[EventType "swiss"]
[EventRounds "9"]
[EventCountry "CAN"]

1. e4 c5 2. d4 cxd4 3. c3 dxc3 4. Nxc3 d6 5. Nf3 e6 6. Bc4 Nc6 7. O-O Nf6 8.
Qe2 a6 9. Rd1 Qc7 10. Bf4 Be7 11. e5 Nh5 12. exd6 Nxf4 13. dxc7 Nxe2+ 14. Nxe2
Bd7 15. b4 Rc8 16. b5 axb5 17. Bxb5 Rxc7 18. Rac1 Bd8 19. Rd6 Ne7 20. Rxd7 Rxd7
21. Ne5 Nc6 22. Nxd7 Kxd7 23. Nd4 Bg5 24. Bxc6+ bxc6 25. Rxc6 e5 26. Rc5 Kd6
27. Rb5 Rc8 28. Nf5+ Ke6 29. Nxg7+ Kf6 30. Nh5+ Kg6 31. Ng3 Rc1+ 32. Nf1 f6 33.
Rb2 f5 34. g3 f4 35. f3 h5 36. Kg2 Re1 37. h3 Be7 38. Rc2 Bd8 39. g4 h4 40. Kf2
Ra1 41. Nd2 Bb6+ 42. Kg2 Bd4 43. Nb3 Rg1+ 44. Kh2 Be3 45. Na5 Rg3 46. Nc4 Bg1+
47. Kh1 Bd4 1/2-1/2

[Event "CAN op"]
[Site "Hamilton CAN"]
[Date "2022.07.12"]
[Round "2.70"]
[White "Wu, Benjamin"]
[Black "Basi, Karandeep"]
[Result "1-0"]
[WhiteElo "1870"]
[BlackElo "1280"]
[PlyCount "89"]
[EventDate "2022.07.12"]
[EventType "swiss"]
[EventRounds "9"]
[EventCountry "CAN"]

1. e4 c5 2. Nc3 Nc6 3. g3 Nf6 4. Bg2 g6 5. f4 d6 6. Nf3 Bg7 7. O-O O-O 8. d3
Bg4 9. h3 Bxf3 10. Bxf3 Nd4 11. Bg2 Qc7 12. Be3 Nc6 13. Ne2 Nd7 14. c3 b5 15.
d4 Rad8 16. d5 Na5 17. b3 b4 18. Rc1 bxc3 19. Nxc3 a6 20. Na4 Rb8 21. Bd2 Nb7
22. Qe2 a5 23. Qb5 Nf6 24. Kh2 Nd7 25. Bf3 Ra8 26. Qc6 Rac8 27. Qb5 Ra8 28. Rc2
Rfb8 29. Qc6 Qd8 30. g4 Qc8 31. Qb5 Qc7 32. h4 Nd8 33. Qe2 Nb6 34. Nxb6 Qxb6
35. Rc4 Ra7 36. Ra4 Nb7 37. Qg2 Qc7 38. h5 c4 39. Rxc4 Nc5 40. hxg6 fxg6 41.
Kg3 a4 42. b4 Nxe4+ 43. Rxe4 Qc2 44. Be3 Qd3 45. Bxa7 1-0

[Event "CAN op"]
[Site "Hamilton CAN"]
[Date "2022.07.12"]
[Round "2.71"]
[White "Cater, Brendan"]
[Black "Buchatsky, Joseph"]
[Result "1-0"]
[WhiteElo "1860"]
[BlackElo "1256"]
[PlyCount "46"]
[EventDate "2022.07.12"]
[EventType "swiss"]
[EventRounds "9"]
[EventCountry "CAN"]

1. e4 e5 2. Nf3 Nc6 3. Bc4 Bc5 4. b4 Bxb4 5. c3 Ba5 6. d4 exd4 7. Qb3 Qe7 8.
O-O d3 9. Bg5 Qf8 10. e5 h6 11. Bc1 g6 12. Nbd2 Bb6 13. Ba3 Na5 14. Qa4 Bc5 15.
Bxc5 Qxc5 16. Bxd3 b6 17. e6 fxe6 18. Rfe1 Kd8 19. Ne5 Rh7 20. Qe4 Qd5 21. Qxg6
Bb7 22. Qxg8+ Ke7 23. Qxh7+ Kd6 1-0

[Event "CAN op"]
[Site "Hamilton CAN"]
[Date "2022.07.12"]
[Round "2.72"]
[White "Kaye, Olya"]
[Black "Liu, Sean"]
[Result "1-0"]
[WhiteElo "1854"]
[BlackElo "1208"]
[PlyCount "63"]
[EventDate "2022.07.12"]
[EventType "swiss"]
[EventRounds "9"]
[EventCountry "CAN"]

1. c4 e5 2. g3 g6 3. Bg2 Bg7 4. Nc3 Nf6 5. e4 d6 6. Nge2 Nc6 7. d3 Be6 8. Rb1
a6 9. O-O O-O 10. h3 Nd7 11. f4 f5 12. b4 fxe4 13. Nxe4 exf4 14. Nxf4 Bf5 15.
g4 Bxe4 16. Bxe4 Bd4+ 17. Kg2 Qf6 18. Bd5+ Kh8 19. Ne6 Qxf1+ 20. Qxf1 Rxf1 21.
Kxf1 Nde5 22. Bxc6 Nxc6 23. b5 axb5 24. cxb5 Ne5 25. Nxd4 Rxa2 26. Rb3 Rh2 27.
Bf4 Rxh3 28. Bxe5+ dxe5 29. Ne6 e4 30. Ra3 Kg8 31. Ra8+ Kf7 32. Ng5+ 1-0

[Event "CAN op"]
[Site "Hamilton CAN"]
[Date "2022.07.12"]
[Round "2.73"]
[White "Bokhout, Peter"]
[Black "Zhu, Isabelle"]
[Result "0-1"]
[WhiteElo "1852"]
[BlackElo "1179"]
[Annotator ",Hugh"]
[PlyCount "24"]
[EventDate "2022.07.12"]
[EventType "swiss"]
[EventRounds "9"]
[EventCountry "CAN"]

1. c4 Nf6 2. Nc3 g6 3. d4 d5 4. cxd5 Nxd5 5. e4 Nxc3 6. bxc3 Bg7 7. Bc4 c5 8.
Ne2 Nc6 9. Be3 Qa5 10. O-O O-O 11. Rc1 Rd8 12. Qb3 e6 {Cell phone rang.} 0-1

[Event "CAN op"]
[Site "Hamilton CAN"]
[Date "2022.07.12"]
[Round "2.74"]
[White "Yang, Larry"]
[Black "Sun, Jonathan"]
[Result "1-0"]
[WhiteElo "1807"]
[BlackElo "873"]
[PlyCount "95"]
[EventDate "2022.07.12"]
[EventType "swiss"]
[EventRounds "9"]
[EventCountry "CAN"]

1. e4 e5 2. Nf3 Nc6 3. Bc4 Nf6 4. d3 h6 5. a4 Bc5 6. c3 a6 7. O-O d6 8. Re1 Bg4
9. Nbd2 O-O 10. Nf1 Nh5 11. h3 Be6 12. Nxe5 Nxe5 13. Qxh5 Nxc4 14. dxc4 Bxc4
15. Be3 Bxf1 16. Kxf1 Bxe3 17. Rxe3 Re8 18. Rg3 Kf8 19. Rf3 Qe7 20. Re1 Qe6 21.
Kg1 Re7 22. b4 Qe5 23. Qg4 Qg5 24. Qxg5 hxg5 25. Rf5 Rae8 26. f3 Re5 27. Rxe5
Rxe5 28. Rd1 Ke7 29. Kf2 Kd7 30. Rd5 Rxd5 31. exd5 c6 32. c4 cxd5 33. cxd5 Kc7
34. a5 b5 35. Kg3 f5 36. f4 Kd7 37. fxg5 Ke7 38. Kf4 g6 39. h4 Kf7 40. g4 fxg4
41. Kxg4 Kg7 42. h5 Kh7 43. hxg6+ Kxg6 44. Kf4 Kh5 45. Kf5 Kh4 46. g6 Kh5 47.
g7 Kh6 48. g8=Q 1-0

[Event "CAN op"]
[Site "Hamilton CAN"]
[Date "2022.07.12"]
[Round "2.81"]
[White "Baylon, Glenda"]
[Black "Samsonkin, Artiom"]
[Result "0-1"]
[WhiteElo "1899"]
[BlackElo "2539"]
[PlyCount "64"]
[EventDate "2022.07.12"]
[EventType "swiss"]
[EventRounds "9"]
[EventCountry "CAN"]

1. d4 Nf6 2. c4 e6 3. Nc3 Bb4 4. Bd2 b6 5. Nf3 Bb7 6. e3 O-O 7. Be2 d6 8. O-O
Nbd7 9. a3 Bxc3 10. Bxc3 Ne4 11. Nd2 f5 12. f3 Nxc3 13. bxc3 Qg5 14. e4 fxe4
15. Nxe4 Bxe4 16. fxe4 Qe3+ 17. Kh1 Rxf1+ 18. Qxf1 Rf8 19. Bf3 Qxc3 20. Qd1 e5
21. d5 Nc5 22. Rc1 Qxa3 23. Ra1 Qe3 24. Qg1 Qxg1+ 25. Kxg1 a5 26. Re1 a4 27.
Re3 Ra8 28. Ra3 Ra5 29. Kf2 b5 30. cxb5 Rxb5 31. Ke2 Rb3 32. Rxb3 Nxb3 0-1

[Event "CAN op"]
[Site "Hamilton CAN"]
[Date "2022.07.12"]
[Round "2.82"]
[White "Bluvshtein, Ilia"]
[Black "Supsup, Ferdinand"]
[Result "1-0"]
[WhiteElo "2330"]
[BlackElo "1810"]
[PlyCount "79"]
[EventDate "2022.07.12"]
[EventType "swiss"]
[EventRounds "9"]
[EventCountry "CAN"]

1. e4 d5 2. exd5 Nf6 3. Bb5+ Nbd7 4. Nf3 Nxd5 5. d4 c6 6. Bd3 N7f6 7. Ne5 g6 8.
O-O Bg7 9. a3 h5 10. c4 Nb6 11. Be2 Ng4 12. c5 Nxe5 13. cxb6 Ng4 14. bxa7 Bxd4
15. Nc3 Qb6 16. Qe1 Rxa7 17. Ne4 Be6 18. Ng5 Qc7 19. g3 Bd5 20. Bf4 e5 21. Nf3
Bxb2 22. h3 O-O 23. Bg5 Bxa1 24. Qxa1 f6 25. Bd2 e4 26. Bf4 Ne5 27. Nxe5 fxe5
28. Bxe5 Qd7 29. Qc1 Kh7 30. g4 Qe8 31. Qg5 Qd8 32. Qe3 Ra4 33. gxh5 gxh5 34.
Kh2 Rg8 35. f4 exf3 36. Bd3+ Rg6 37. Bxg6+ Kxg6 38. Rg1+ Kf7 39. Rg7+ Kf8 40.
Qh6 1-0

[Event "CAN op"]
[Site "Hamilton CAN"]
[Date "2022.07.12"]
[Round "2.83"]
[White "Drkulec, Vladimir"]
[Black "Malakhovets, Sergey"]
[Result "1-0"]
[WhiteElo "2020"]
[BlackElo "2204"]
[PlyCount "125"]
[EventDate "2022.07.12"]
[EventType "swiss"]
[EventRounds "9"]
[EventCountry "CAN"]

1. d4 d5 2. c4 c6 3. Nf3 Nf6 4. cxd5 cxd5 5. Nc3 Nc6 6. Bf4 a6 7. e3 Bg4 8. Be2
e6 9. h3 Bxf3 10. Bxf3 Bd6 11. Bxd6 Qxd6 12. O-O O-O 13. Rc1 Rfc8 14. Na4 Rc7
15. Nc5 Rac8 16. Qd2 e5 17. dxe5 Nxe5 18. Nxb7 Nxf3+ 19. gxf3 Qd7 20. Rxc7 Rxc7
21. Na5 Qxh3 22. Rc1 Rxc1+ 23. Qxc1 h5 24. Qd1 Qf5 25. Nc6 Qg5+ 26. Kh2 Qh4+
27. Kg2 Qc4 28. Ne7+ Kf8 29. b3 Qc5 30. Nf5 Qc8 31. Qd3 g6 32. Nd4 Ke7 33. Qd2
Qc5 34. b4 Qc4 35. Qb2 h4 36. a4 h3+ 37. Kxh3 Qf1+ 38. Kh2 Nh7 39. f4 Qd1 40.
a5 Qh5+ 41. Kg3 g5 42. Nf5+ Kd7 43. Qe5 gxf4+ 44. exf4 Qg6+ 45. Kf3 Qe6 46. Nd4
Ng5+ 47. Ke3 Qxe5+ 48. fxe5 Ne4 49. f3 Nc3 50. Kd3 Na2 51. b5 axb5 52. Nxb5
Nb4+ 53. Kc3 Nc6 54. a6 Kc8 55. f4 Nd8 56. f5 Nc6 57. Nd6+ Kd7 58. Nxf7 d4+ 59.
Kc4 d3 60. e6+ Ke7 61. Kc3 Kf6 62. Nd6 Ke5 63. a7 1-0

[Event "CAN op"]
[Site "Hamilton CAN"]
[Date "2022.07.12"]
[Round "2.84"]
[White "Qian, Eric"]
[Black "Bailey, Doug"]
[Result "0-1"]
[WhiteElo "1753"]
[BlackElo "2165"]
[PlyCount "56"]
[EventDate "2022.07.12"]
[EventType "swiss"]
[EventRounds "9"]
[EventCountry "CAN"]

1. e4 c5 2. Nf3 a6 3. c3 d5 4. exd5 Nf6 5. d4 cxd4 6. Nxd4 Nxd5 7. Bc4 e6 8.
O-O b5 9. Bb3 Bc5 10. Nd2 Bxd4 11. cxd4 O-O 12. Nf3 Bb7 13. Bc2 Nd7 14. a3 N7f6
15. Ne5 Rc8 16. Bb1 Qc7 17. Bg5 Rfd8 18. Qd3 h6 19. Bd2 Ne7 20. Bc3 Nf5 21. Re1
Qb6 22. Rd1 a5 23. b3 Ne4 24. Bb2 Nxd4 25. Qe3 Ne2+ 26. Qxe2 Rxd1+ 27. Qxd1
Qxf2+ 28. Kh1 Ng3+ 0-1

[Event "CAN op"]
[Site "Hamilton CAN"]
[Date "2022.07.12"]
[Round "2.85"]
[White "Li, Eric"]
[Black "Heran-Boily, Samuel"]
[Result "1/2-1/2"]
[WhiteElo "2165"]
[BlackElo "1871"]
[PlyCount "52"]
[EventDate "2022.07.12"]
[EventType "swiss"]
[EventRounds "9"]
[EventCountry "CAN"]

1. d4 d5 2. Nf3 Nf6 3. Bf4 e6 4. e3 Be7 5. Nbd2 O-O 6. Bd3 b6 7. Ne5 Bb7 8. c3
c5 9. Qe2 Nbd7 10. h4 Ne4 11. Nxe4 dxe4 12. Ba6 Bxa6 13. Qxa6 Nxe5 14. dxe5 Qc7
15. O-O-O Rfd8 16. h5 Qc6 17. Rxd8+ Bxd8 18. Rd1 Be7 19. h6 g5 20. Bg3 Bf8 21.
Kb1 Bxh6 22. Rd6 Qc8 23. Qa4 Bf8 24. Rd2 Qb7 25. Rd7 Qc8 26. Rd2 Qb7 1/2-1/2

[Event "CAN op"]
[Site "Hamilton CAN"]
[Date "2022.07.12"]
[Round "2.86"]
[White "Zhang, Brian"]
[Black "Leonard, Anthony"]
[Result "0-1"]
[WhiteElo "1842"]
[BlackElo "2097"]
[PlyCount "118"]
[EventDate "2022.07.12"]
[EventType "swiss"]
[EventRounds "9"]
[EventCountry "CAN"]

1. e4 c5 2. Nf3 Nc6 3. d4 cxd4 4. Nxd4 Nf6 5. Nc3 e5 6. Ndb5 d6 7. Bg5 a6 8.
Na3 b5 9. Nd5 Be7 10. Bxf6 Bxf6 11. c3 O-O 12. Nc2 Rb8 13. a4 bxa4 14. Ncb4
Nxb4 15. cxb4 Bg5 16. Rxa4 f5 17. exf5 Bxf5 18. Bc4 Kh8 19. Rxa6 e4 20. O-O Be6
21. Qd4 e3 22. Nxe3 Rf4 23. Qd3 Bxc4 24. Nxc4 d5 25. Rd6 Qc7 26. Qxd5 Rxc4 27.
Rd7 Qc8 28. Qf7 Bf6 29. Re1 Rc1 30. Rdd1 Rxd1 31. Rxd1 Qc2 32. Re1 Qc8 33. g3
Qf8 34. Qd7 Rd8 35. Qc6 Bxb2 36. b5 Bd4 37. Re2 Rb8 38. Qd7 Bb6 39. Qc6 h6 40.
Qg6 Qf3 41. Re8+ Rxe8 42. Qxe8+ Kh7 43. Qe1 h5 44. Qb1+ Kh8 45. Qc2 h4 46. Qc8+
Kh7 47. Qc2+ g6 48. Qd2 Qg4 49. Qd6 h3 50. Qd5 Bd4 51. Qf7+ Kh6 52. Qb3 Qe4 53.
Kf1 Qg2+ 54. Ke2 Qxf2+ 55. Kd1 Qg1+ 56. Kc2 Qxh2+ 57. Kd1 Qg1+ 58. Kc2 Qf2+ 59.
Kd3 Qe3+ 0-1

[Event "CAN op"]
[Site "Hamilton CAN"]
[Date "2022.07.12"]
[Round "2.87"]
[White "Lu, Eddie"]
[Black "Deshpande, Nevin"]
[Result "1/2-1/2"]
[WhiteElo "1738"]
[BlackElo "1322"]
[PlyCount "50"]
[EventDate "2022.07.12"]
[EventType "swiss"]
[EventRounds "9"]
[EventCountry "CAN"]

1. d4 Nf6 2. Nc3 d5 3. Bf4 c6 4. e3 Bf5 5. f3 e6 6. g4 Bg6 7. h4 h6 8. Bd3 Bxd3
9. Qxd3 Bd6 10. Nge2 Na6 11. O-O-O Qc7 12. g5 Nh5 13. Bxd6 Qxd6 14. g6 f5 15.
e4 Nf4 16. Qe3 Nxe2+ 17. Nxe2 fxe4 18. fxe4 O-O-O 19. Rdf1 Rhf8 20. Rf7 Rxf7
21. gxf7 Qe7 22. Qf4 Nb4 23. a3 Na6 24. Ng3 g5 25. hxg5 Qxg5 1/2-1/2

[Event "CAN op"]
[Site "Hamilton CAN"]
[Date "2022.07.12"]
[Round "2.88"]
[White "Hettigama, Thusitha"]
[Black "Chepelev, Ivan"]
[Result "1-0"]
[WhiteElo "1711"]
[BlackElo "1377"]
[PlyCount "52"]
[EventDate "2022.07.12"]
[EventType "swiss"]
[EventRounds "9"]
[EventCountry "CAN"]

1. c4 c5 2. Nf3 e6 3. Nc3 Nf6 4. d4 d5 5. e3 Nc6 6. Be2 dxc4 7. Bxc4 Be7 8. O-O
O-O 9. h3 a6 10. a4 Qc7 11. Qe2 cxd4 12. exd4 Rd8 13. Be3 b6 14. Rac1 Bb7 15.
Rfd1 Na5 16. Ba2 Bxf3 17. Qxf3 Qb7 18. Qxb7 Nxb7 19. d5 exd5 20. Nxd5 Nxd5 21.
Bxd5 Rab8 22. Bxb6 Rd7 23. Bxf7+ Kxf7 24. Rxd7 Nd6 25. a5 Ke6 26. Ra7 Kd5 1-0

[Event "CAN op"]
[Site "Hamilton CAN"]
[Date "2022.07.12"]
[Round "2.89"]
[White "Bruneau, Gilles"]
[Black "Garel, Rick"]
[Result "1/2-1/2"]
[WhiteElo "1290"]
[BlackElo "1688"]
[PlyCount "92"]
[EventDate "2022.07.12"]
[EventType "swiss"]
[EventRounds "9"]
[EventCountry "CAN"]

1. d4 Nf6 2. c4 e5 3. dxe5 Ng4 4. Bf4 Nc6 5. Nf3 Bb4+ 6. Nc3 Qe7 7. Qd5 Bc5 8.
e3 f6 9. exf6 Nxf6 10. Qd2 d6 11. Bg5 Be6 12. a3 Qf7 13. b3 O-O-O 14. Be2 h6
15. Bxf6 Qxf6 16. O-O g5 17. h3 h5 18. Nd5 Bxd5 19. cxd5 Ne5 20. b4 Bb6 21.
Rac1 Rdg8 22. Nxe5 Qxe5 23. Qc3 Qxc3 24. Rxc3 g4 25. hxg4 hxg4 26. Rc4 g3 27.
Re4 gxf2+ 28. Rxf2 Re8 29. Bg4+ Kd8 30. Be6 c6 31. Rf7 Re7 32. Rxe7 Kxe7 33.
Bc8+ Kf6 34. Bxb7 Kf5 35. Re6 c5 36. Ba6 cxb4 37. axb4 Rh4 38. Bd3+ Kg4 39.
Re4+ Kg5 40. Rxh4 Kxh4 41. Kf2 Kg5 42. Kf3 Bc7 43. Be2 Bb6 44. e4 Bd4 45. Bf1
Bc3 46. b5 Bd4 1/2-1/2

[Event "CAN op"]
[Site "Hamilton CAN"]
[Date "2022.07.12"]
[Round "2.90"]
[White "Buchanan, Jessica"]
[Black "Schneider, Mitchell"]
[Result "0-1"]
[WhiteElo "896"]
[BlackElo "1684"]
[PlyCount "64"]
[EventDate "2022.07.12"]
[EventType "swiss"]
[EventRounds "9"]
[EventCountry "CAN"]

1. d4 d5 2. Nf3 Nf6 3. c4 e6 4. Nc3 c6 5. a3 Be7 6. Bf4 O-O 7. h3 Nbd7 8. e3 a6
9. a4 Bb4 10. Bd3 dxc4 11. Bxc4 Ne4 12. O-O Nxc3 13. bxc3 Bxc3 14. Rb1 b5 15.
axb5 cxb5 16. Bb3 Bb7 17. Qd3 b4 18. Bc2 Nf6 19. Ng5 g6 20. f3 Nd5 21. Rfd1
Nxf4 22. exf4 Qf6 23. Qe3 Rfd8 24. Qe5 Rxd4 25. Qxf6 Rxd1+ 26. Rxd1 Bxf6 27.
Rd7 Bxg5 28. fxg5 Bd5 29. Be4 Bxe4 30. fxe4 Rb8 31. Ra7 b3 32. Rxa6 b2 0-1

[Event "CAN op"]
[Site "Hamilton CAN"]
[Date "2022.07.12"]
[Round "2.91"]
[White "Xu, Hannah"]
[Black "Sen, Arya"]
[Result "1-0"]
[WhiteElo "1295"]
[BlackElo "1745"]
[PlyCount "95"]
[EventDate "2022.07.12"]
[EventType "swiss"]
[EventRounds "9"]
[EventCountry "CAN"]

1. d4 f5 2. Bf4 Nf6 3. e3 e6 4. Bd3 Be7 5. Nf3 O-O 6. c3 b6 7. Nbd2 Bb7 8. Qc2
d5 9. Rc1 Ne4 10. O-O Ba6 11. Bxa6 Nxa6 12. h3 c5 13. Ne5 Rc8 14. Qa4 Nxd2 15.
Rfd1 cxd4 16. exd4 Nc4 17. Nxc4 Rxc4 18. Qxa6 Qd7 19. b3 Rc6 20. Qd3 Ba3 21.
Rc2 Rfc8 22. c4 dxc4 23. bxc4 Be7 24. Be5 b5 25. Rdc1 bxc4 26. Rxc4 Kf7 27.
Rxc6 Rxc6 28. Rxc6 Qxc6 29. Qg3 g6 30. Qb3 a5 31. a4 Bb4 32. Qf3 Qxf3 33. gxf3
Ke7 34. Kf1 Bd6 35. Bg3 g5 36. Bxd6+ Kxd6 37. Ke2 Kd5 38. Kd3 f4 39. Kc3 h5 40.
Kd3 e5 41. dxe5 Kxe5 42. Kc4 Ke6 43. Kb5 Kd5 44. Kxa5 Kc5 45. Ka6 Kc6 46. a5 h4
47. Ka7 Kc7 48. a6 1-0

[Event "CAN op"]
[Site "Hamilton CAN"]
[Date "2022.07.12"]
[Round "2.92"]
[White "Huang, Eric"]
[Black "Belanger, Colton"]
[Result "0-1"]
[WhiteElo "1155"]
[BlackElo "1725"]
[PlyCount "90"]
[EventDate "2022.07.12"]
[EventType "swiss"]
[EventRounds "9"]
[EventCountry "CAN"]

1. e4 d6 2. d4 Nf6 3. Nc3 Nbd7 4. Bc4 e5 5. Nf3 Be7 6. O-O c6 7. a4 h6 8. Bb3
Qc7 9. Re1 Nf8 10. Qd3 Bg4 11. Qc4 Ne6 12. d5 cxd5 13. exd5 Qxc4 14. Bxc4 Nc7
15. Nd2 Bf5 16. Bb3 Rc8 17. f3 Nd7 18. Nde4 Bg6 19. g4 h5 20. h3 f6 21. Be3 a6
22. Re2 Kf7 23. Nd1 hxg4 24. hxg4 Rh3 25. Kg2 Rch8 26. Ndf2 Rh2+ 27. Kf1 Kf8
28. Ra2 Bf7 29. c4 g5 30. c5 dxc5 31. d6 Bxb3 32. dxc7 Kf7 33. Ra3 Bc4 34. Nd3
Rxe2 35. Kxe2 Rc8 36. Rc3 Bxd3+ 37. Kxd3 Rxc7 38. b4 f5 39. Nxc5 Nxc5+ 40. Bxc5
Bxc5 41. bxc5 Ke6 42. Kc4 Rd7 43. Kb4 Rd4+ 44. Rc4 Kd5 45. Rxd4+ exd4 0-1

[Event "CAN op"]
[Site "Hamilton CAN"]
[Date "2022.07.12"]
[Round "2.93"]
[White "Eiserloh, Clement"]
[Black "Zapata, Edgar"]
[Result "1-0"]
[WhiteElo "1678"]
[BlackElo "1151"]
[PlyCount "99"]
[EventDate "2022.07.12"]
[EventType "swiss"]
[EventRounds "9"]
[EventCountry "CAN"]

1. e4 d6 2. d4 g6 3. Nc3 Bg7 4. Be3 e6 5. Qd2 Bd7 6. h4 Qe7 7. h5 Nc6 8. O-O-O
O-O-O 9. h6 Bf8 10. f3 f6 11. d5 Nb8 12. dxe6 Bxe6 13. Bxa7 g5 14. Be3 Nxh6 15.
Nd5 Bxd5 16. Qxd5 Nf7 17. g3 Ne5 18. Bh3+ Ned7 19. Ne2 c6 20. Qa5 Qe5 21. Qa4
Qb5 22. Qxb5 cxb5 23. Nd4 Re8 24. Nxb5 Re5 25. Nxd6+ Bxd6 26. Rxd6 Kc7 27. Rhd1
Rd8 28. Bb6+ Nxb6 29. Rxd8 Re7 30. Rh8 Nc6 31. Bf5 Ne5 32. Rxh7 Rxh7 33. Bxh7
Nxf3 34. b3 Ne5 35. Rf1 Nbd7 36. Bf5 Kd6 37. Rd1+ Ke7 38. Bxd7 Nxd7 39. Rxd7+
Kxd7 40. Kd2 Ke6 41. Ke3 Ke5 42. a4 Kd6 43. Kd4 Ke6 44. b4 f5 45. exf5+ Kxf5
46. Ke3 Kg4 47. Kf2 Kf5 48. a5 Ke5 49. b5 Kd5 50. a6 1-0

[Event "CAN op"]
[Site "Hamilton CAN"]
[Date "2022.07.12"]
[Round "2.94"]
[White "Maheux, Pierre"]
[Black "Callaghan, Ken"]
[Result "1-0"]
[WhiteElo "1624"]
[BlackElo "1081"]
[PlyCount "53"]
[EventDate "2022.07.12"]
[EventType "swiss"]
[EventRounds "9"]
[EventCountry "CAN"]

1. e4 b6 2. d4 Bb7 3. Bd3 e6 4. Nf3 c5 5. O-O cxd4 6. Nxd4 Nc6 7. Be3 Nxd4 8.
Bxd4 Nf6 9. e5 Nd5 10. Qg4 g6 11. Nd2 Bg7 12. Ne4 O-O 13. Nd6 Rb8 14. h4 f5 15.
Qg3 f4 16. Qg4 Ba8 17. f3 Ne3 18. Qh3 Nxf1 19. Rxf1 Kh8 20. h5 Bh6 21. hxg6 Qg5
22. gxh7 Qg7 23. Kf2 Bg5 24. Rh1 Be7 25. Qg4 Qxg4 26. fxg4 Bxd6 27. exd6+ 1-0